Intermediate Russian Reader / (Record no. 616745)

000 -LEADER
fixed length control field 00346nam a22001337a 4500
020 ## - INTERNATIONAL STANDARD BOOK NUMBER
Qualifying information HB.
040 ## - CATALOGING SOURCE
Transcribing agency FIIZA ISHAQ
082 ## - DEWEY DECIMAL CLASSIFICATION NUMBER
Classification number 491.78
Author Mark PAT
100 ## - MAIN ENTRY--PERSONAL NAME
Personal name Patrick , George
9 (RLIN) 133784
245 ## - TITLE STATEMENT
Title Intermediate Russian Reader /
Statement of responsibility, etc. George Patrick.
260 ## - PUBLICATION, DISTRIBUTION, ETC.
Place of publication, distribution, etc. New York:
Name of publisher, distributor, etc. Pitman,
Date of publication, distribution, etc. 1945.
300 ## - PHYSICAL DESCRIPTION
Extent 327 P. ;
Dimensions 19.5 X 12.7 cm
942 ## - ADDED ENTRY ELEMENTS (KOHA)
Source of classification or shelving scheme
Koha item type Book
Holdings
Withdrawn status Lost status Source of classification or shelving scheme Damaged status Not for loan Permanent Location Current Location Shelving location Date acquired Total Checkouts Full call number Barcode Date last seen Price effective from Koha item type
          NUST Baluchistan Campus (NBC) NUST Baluchistan Campus (NBC) General Stacks 03/31/2026   491.78 PAT QD-690 03/31/2026 03/31/2026 Book
© 2023 Central Library, National University of Sciences and Technology. All Rights Reserved.